|
|
|
|
| LEADER |
01156nam a2200253 a 4500 |
| 001 |
000435098 |
| 003 |
CZ BrMZK |
| 005 |
19990315143423.0 |
| 007 |
ta |
| 008 |
990315s1993 xr f cze d |
| 040 |
|
|
|a BOA001
|b cze
|
| 080 |
|
|
|a 792(437.10) Národní divadlo
|2 MRF
|
| 100 |
1 |
|
|a Mašínová, Jelena,
|d 1941-2024
|7 jx20071122074
|4 com
|
| 245 |
1 |
0 |
|a Dobře tak, že je smrt na světě :
|b výběr ze starých českých pohádek /
|c vybrala: Jelena Mašínová ; [program připravila Johana Kudláčková].
|
| 260 |
|
|
|a Praha :
|b Národní divadlo,
|c 1993
|
| 300 |
|
|
|a 48 s. :
|b il. ;
|c 21 cm +
|e [1] volná příloha.
|
| 500 |
|
|
|a Divadelní program. - Činohra Národního divadla. Divadlo Kolowrat
|
| 653 |
0 |
|
|a Dobře tak, že je smrt na světě (pohádka)
|a Národní divadlo Praha Divadlo Kolowrat
|
| 700 |
1 |
|
|a Kudláčková, Johana,
|d 1945-
|7 jn99240000563
|4 aut
|
| 910 |
|
|
|a BOA001
|b 2-1063.302
|
| 964 |
|
|
|a Hry divadelní
|x programy
|z r.1993
|
| 964 |
|
|
|a Národní divadlo
|c Praha
|b Divadlo Kolowrat
|x programy divadelní
|z r.1993
|
| 990 |
|
|
|a BK
|
| 996 |
6 |
|
|b 2610099554
|c 2-1063.302
|l MZK
|r Sklad / do 1 hodiny
|n 4
|p p.v.
|w 000435098
|u 000010
|a 1
|e BOA001
|j MZK50
|s P
|